| 000 | 00419cam a2200169 4500 | ||
|---|---|---|---|
| 001 | D10882 | ||
| 008 | 090401t xxu||||| |||| 00| 0 eng d | ||
| 035 | _a(Sirsi) u96921 | ||
| 041 | _aeng | ||
| 050 | _a526.905 | ||
| 100 | _aJackson, John Eric | ||
| 245 | 4 | _aThe Survey Review, Paper no. A7 | |
| 350 | _a0 | ||
| 520 | _aIn: RICS. Land surveyors conference, March, 1968. 1968/52A | ||
| 942 | _n0 | ||
| 948 | _c04/03/1997 | ||
| 999 |
_c98724 _d98724 |
||